| 000 | 01536nam a2200385Ia 4500 | ||
|---|---|---|---|
| 001 | dia_5516 | ||
| 003 | CHAP | ||
| 005 | 20240717175701.0 | ||
| 007 | ta | ||
| 008 | 220117s1992 mx de fr 001 0 spa d | ||
| 040 |
_cCHAP _amxchpua |
||
| 090 |
_aT.C.139 _bC68 ETIPA _c1992 |
||
| 245 | 1 | 0 |
_aInforme de las actividades realizadas en Harinera Beleño S. A. de C. V. / _ccoordinador Ignacio Covarrubias Gutiérrez ; colaboradores J. Reyes Altamirano Cárdenas...[et al.] |
| 260 |
_aMéxico : _bEl autor, _c1992 |
||
| 300 |
_a74 hojas : _bgráficas, diagramas, tablas, planos |
||
| 336 |
_2rdacontent _atexto _btxt |
||
| 337 |
_2rdamedia _asin medio _bn |
||
| 338 |
_2rdacarrier _avolumen _bnc |
||
| 500 | _a7º año | ||
| 502 |
_aViaje de estudios _b(ETIPA) -- _cUACh. Departamento de Ingeniería Agroindustrial, _d1992 |
||
| 504 | _aBibliografía: hoja 53 | ||
| 505 | _a2 Planos -- 1. Plano Diagrama de flujo de proceso de molienda de trigo -- 2. Diagrama de flujo de proceso de preparación del trigo | ||
| 650 | 1 | 3 |
_aHarina de trigo _952680 |
| 650 | 1 | 3 |
_aHarina _xMolinos _9158827 _zMéxico _zGuanajuato |
| 650 | 1 | 3 |
_aWheat flour _9148273 |
| 650 | 1 | 0 |
_aMilling industry _zMexico _zGuanajuato _9158828 |
| 700 | 1 |
_aCovarrubias Gutiérrez, Ignacio _928697 _ecoordinador |
|
| 700 | 1 |
_aAltamirano Cárdenas, J. Reyes _94659 _ecolaborador |
|
| 901 | _aT.C.139 C68 ETIPA 1992 | ||
| 902 | _aM | ||
| 905 | _a5332271992 mx eni 8222223322spa16 | ||
| 942 | _2local | ||
| 942 | _cVE | ||
| 999 |
_c176435 _d176435 |
||